| 000 | 00410nam a2200145Ia 4500 | ||
|---|---|---|---|
| 008 | 150201s2007 xx 000 0 und d | ||
| 082 |
_a618 _bD07M |
||
| 100 | _aMANAKTALA , USHA | ||
| 245 | _aDIAGNOSTIC PROCEDURES AND MINOR SURGICAL INTERVENTIONS IN OBSTETRICS AND GYNAECOLOGY | ||
| 250 | _a1ST | ||
| 260 |
_bJAYPEE BROTHERS _aDELHI _c2007 |
||
| 300 | _a1-350 | ||
| 650 | _aOBST & GYNAECOLOGY | ||
| 942 |
_2ddc _cBK |
||
| 999 |
_c182 _d182 |
||